000
00334nam a2200145Ia 4500
008
191201s2008 xx 000 0 und d
082
_a
005.133
_b
KNA
100
_a
KNUTH, Donald E
245
0
_a
Art of Computer Programming
250
_a
imp
260
_a
N.Delhi
_b
pearson
_c
2008
300
_a
762
650
_a
MCA
942
_2
ddc
_c
BK
999
_c
3788
_d
3788